Online Catalogue and eLibrary

Crime in a Changing Society (Record no. 5880)

MARC details
000 -LEADER
fixed length control field 00421nam a22001817a 4500
005 - DATE AND TIME OF LATEST TRANSACTION
control field 20240605055701.0
008 - FIXED-LENGTH DATA ELEMENTS--GENERAL INFORMATION
fixed length control field 240605b |||||||| |||| 00| 0 eng d
082 ## - DDC Classification
DDC Edition Number 22
Class No. 364
Item Number - Author Mark HOW
100 ## - MAIN ENTRY--PERSONAL NAME
Personal name Jones, Howard
245 ## - TITLE STATEMENT
Title Crime in a Changing Society
250 ## - EDITION STATEMENT
Edition statement 1 st
260 ## - PUBLICATION, DISTRIBUTION, ETC.
Place of publication, distribution, etc. Australia
Name of publisher, distributor, etc. Penguin Books Ltd
Date of publication, distribution, etc. 1965
300 ## - PHYSICAL DESCRIPTION
Extent (e.g. Volumes, Pages etc.) 173 p .,
650 ## - SUBJECT ADDED ENTRY--TOPICAL TERM
Topical term or geographic name entry element Sex
650 ## - SUBJECT ADDED ENTRY--TOPICAL TERM
Topical term or geographic name entry element Criminal
650 ## - SUBJECT ADDED ENTRY--TOPICAL TERM
Topical term or geographic name entry element Social
942 ## - Koha item type (Biblio)
Koha item type Books in Stacks (Lending)
Holdings
Lost status Damaged status Collection code Home library Current library Date acquired Full call number Accession Number Item type
    Lending WERC Library WERC Library 06/05/2024 364 HOW 6948 Books in Stacks (Lending)

© WERC Library